000
00280nam a2200109Ia 4500
008
200302s9999 xx 000 0 und d
100
_a
Claudia Zanlungo & Daniela Tarabra
245
_a
The story of Baroque Architecture
260
_b
Prestel/ London
260
_c
2012
300
_a
158
999
_c
4483
_d
4483